logo

Bir Sreshtho Munshi Abdur Rouf Library
Jhenaidah Cadet College

ফিজিকস অব দ্য ইমপসিবল: (Record no. 11701)

MARC details
000 -LEADER
fixed length control field 00943nam a2200241 a 4500
001 - CONTROL NUMBER
JCCL Control Number 11701
003 - CONTROL NUMBER IDENTIFIER
JCCL marc code BD-JhCC
005 - DATE AND TIME OF LATEST TRANSACTION
control field 20221124134023.0
008 - FIXED-LENGTH DATA ELEMENTS--GENERAL INFORMATION
fixed length control field 200723b2020 bg |||| ||a| 00| 0 ben d
020 ## - INTERNATIONAL STANDARD BOOK NUMBER
International Standard Book Number 9789845250948
035 ## - SYSTEM CONTROL NUMBER
system control number (BD-JhCC)11701
040 ## - CATALOGING SOURCE
Original cataloging agency BD-JhCC
Modifying agency BD-JhCC
041 ## - LANGUAGE CODE
Language code of Book ben
082 ## - DEWEY DECIMAL CLASSIFICATION NUMBER
Classification number 530
Author mark and Year KAK 2020
100 ## - MAIN ENTRY--PERSONAL NAME
Personal name কাকু, মচিও
245 ## - TITLE STATEMENT
Title ফিজিকস অব দ্য ইমপসিবল:
Remainder of title ফেজার, ফোর্স ফিল্ড, টেলিপোর্টেশন ও টাইম ট্রাভেলের জগত বৈজ্ঞানিক অভিযান /
Statement of responsibility, etc মচিও কাকু, অনু: আবুল বাসার ।
260 ## - PUBLICATION, DISTRIBUTION, ETC. (IMPRINT)
Place of publication, distribution, etc ঢাকা:
Name of publisher, distributor, etc প্রথমা প্রকাশন;
Date of publication, distribution, etc ২০২০.
300 ## - PHYSICAL DESCRIPTION
Pagination 359 p. :
Dimensions 22 cm.
650 ## - SUBJECT ADDED ENTRY--TOPICAL TERM
Topical term or geographic name as entry element Physics
700 ## - ADDED ENTRY--PERSONAL NAME
Personal name বাসার,আবুল
942 ## - ADDED ENTRY ELEMENTS (KOHA)
Source of classification or shelving scheme Dewey Decimal Classification
Koha item type Books
Koha issues (borrowed), all copies 3
Holdings
Source of classification or shelving scheme Damaged status Not for loan Collection code Home library Current library Shelving location Date of accession Cost, normal purchase price Total Checkouts Full call number Barcode Date last seen Date checked out Copy number Method of acquisition Koha item type Currency
Dewey Decimal Classification     Non-fiction JCC Rouf Library JCC Rouf Library General Stacks 07/23/2020 400.00 5 530 KAK 2020 15829 11/10/2024 11/06/2024 C-1 Purchase Books BDT
Dewey Decimal Classification     Non-fiction JCC Rouf Library JCC Rouf Library General Stacks 11/01/2021 510.00 4 530 KAK 2020 16951 09/09/2023 08/06/2023 C-2 Purchase Books BDT
Dewey Decimal Classification     Non-fiction JCC Rouf Library JCC Rouf Library General Stacks     1 530 KAK 2020 20333 02/08/2026 01/14/2026 C-3 Purchase Books BDT

JCC Library | Contacts | JCC Home

Last Update on 23 September 2017
Copyright @ 2017-2020 JCC Rouf Library
Rouf Library, Jhenidah Cadet College (JCC), Bangladesh